02348cas a2200493 a 45000010009000000050017000090080041000260100045000670200018001120200015001300220014001450350024001590370091001830400043002740420014003170500016003310820017003472100023003642220032003872450107004192600038005263000025005643100014005893620010006035000039006135000034006525500139006865800123008256500036009486500044009846500025010287100036010537100038010897100068011277100058011957100057012537700078013107700102013887700090014907870116015809420012016969990017017089520129017251362266220060504050405.0990223c19979999dcuhr1 0 a0eng d asn 99038371 z 00700500 z 2003273170 a9780071498968 a00714989660 a1550-820X a(OCoLC)ocm40845440  bInternational Code Council, 5203 Leesburg Pike, Suite 600, Falls Church, VA 22041-3401 aNjTAGcNjTAGdOCldMCMdDLCdNSDPdDLC ansdpalcd00aK3542b.I5410a343220bWOO0 aInt. fuel gas code 0aInternational fuel gas code00aInternational fuel gas code Companion :bInterpretation, Tactics, And Teschniques /cR. Dodge Woodson. aNew York :bMcGraw-Hill,cc.2008. av. :bill. ;c28 cm. aTriennial0 a1997- aPublished: Washington, D.C., 2000- aLatest issue consulted: 2006. aPrepared by a development committee appointed by the ICC and consisting of representatives of BOCA, ICBO, SBCCI, and the gas industry. aHas supplement: Supplement to the international codes, 2001; Accumulative supplement to the international codes, 2002. 0aGasxLaw and legislation.94909 0aGas-fittingxLaw and legislation.94910 0aBuilding laws.949112 aAmerican Gas Association.949122 aInternational Code Council.949132 aBuilding Officials and Code Administrators International.949142 aInternational Conference of Building Officials.949152 aSouthern Building Code Congress International.949161 tSupplement to the international codesw(DLC) 2004208749w(OCoLC)470161591 tAccumulative supplement to the international codesx1550-0675w(DLC) 2004208577w(OCoLC)508811010 tInternational fuel gas code commentaryx1550-8218w(DLC) 2004209778w(OCoLC)549808980 tFinal action agenda for the proposed changes to the ... editions of the ...w(DLC) 2005211378w(OCoLC)62162360 2ddccBB c11566d11566 00102ddc40708BaccahaMAINbMAINc1STd2009-05-20epurchaseg384.00h7117l0o343 WOOp000016178r2025-07-15 00:00:00yBB